[Event "9th Banco di Roma"]
[Site "Rome ITA"]
[Date "1985.02.??"]
[Round "6"]
[White "Yap, Andronico"]
[WhiteElo "2400"]
[Black "Andersson, Ulf"]
[Result "0-1"]
[BlackElo "2575"]
[EventDate "1985.02.16"]
[PlyCount "80"]

1.e4 c5 2.Nf3 e6 3.d4 cxd4 4.Nxd4 Nc6 5.Nxc6 bxc6 6.Bd3 Nf6 7.O-O d5 8.Nd2
Qc7 9.f4 Be7 10.e5 Nd7 11.c4 a5 12.Kh1 g6 13.b3 a4 14.Bb2 O-O 15.Rc1 Qb6 
16.f5 exf5 17.Bxf5 Nc5 18.Bd4 Bxf5 19.Rxf5 Qd8 20.Rf1 Ne6 21.Be3 axb3 22.
axb3 Ra2 23.Rc2 Rxc2 24.Qxc2 Bg5 25.Bxg5 Qxg5 26.Nf3 Qf4 27.cxd5 cxd5 28.
Rd1 Rd8 29.h3 Qb4 30.Rd3 d4 31.Qc1 Nc5 32.Qg5 Rd7 33.Qg4 h5 34.e6 hxg4 35.
exd7 Nxd7 36.Rxd4 Qxb3 37.hxg4 Qb1+ 38.Kh2 Qb8+ 39.Kh3 Nc5 40.Rc4 Nd3 0-1

[Event "9th Banco di Roma"]
[Site "Rome ITA"]
[Date "1985.02.??"]
[Round "7"]
[White "Andersson, Ulf"]
[Black "Gross, Stefan"]
[Result "1-0"]
[WhiteElo "2575"]
[BlackElo "2435"]
[EventDate "1985.02.16"]
[PlyCount "87"]

1.Nf3 c5 2.c4 Nf6 3.g3 Nc6 4.Bg2 d6 5.Nc3 a6 6.d4 cxd4 7.Nxd4 Bd7 8.O-O e6
9.Nb3 Qc7 10.Bf4 Ne5 11.Rc1 Ng6 12.Bg5 Be7 13.Qd2 Rd8 14.Rfd1 Bc8 15.Qd4 
O-O 16.Na4 Bd7 17.Qb6 Qb8 18.Nc3 Bc8 19.Be3 Nd7 20.Qa7 Qc7 21.Na4 Nge5 22.
Nb6 Nc6 23.Bxc6 Qxc6 24.Na5 Qc7 25.b4 Ne5 26.f3 Nc6 27.Nxc6 Qxc6 28.a4 Qe8
29.b5 axb5 30.cxb5 d5 31.Nxc8 Rxc8 32.Qxb7 Ra8 33.Ra1 Bf6 34.Ra2 Qd8 35.
Bc5 Re8 36.Kg2 d4 37.Bb4 e5 38.Rc1 Rb8 39.Qe4 Bg5 40.Rc6 Qd7 41.Rd6 Qa7 
42.Qd5 Rb7 43.a5 Be7 44.a6 1-0

[Event "9th Banco di Roma"]
[Site "Rome ITA"]
[Date "1985.02.??"]
[Round "7"]
[White "Bellon Lopez, Juan Manuel"]
[Black "Yap, Andronico"]
[BlackElo "2400"]
[Result "0-1"]
[WhiteElo "2445"]
[EventDate "1985.02.16"]
[PlyCount "112"]

1.d4 Nf6 2.c4 c5 3.d5 e6 4.Nc3 exd5 5.cxd5 d6 6.Nf3 g6 7.Bf4 a6 8.a4 Bg7 
9.e4 O-O 10.Be2 Bg4 11.Nd2 Bxe2 12.Qxe2 Nh5 13.Be3 Nd7 14.O-O Re8 15.Kh1 
Bd4 16.g4 Nhf6 17.f3 Qe7 18.Rae1 Rab8 19.Bg5 Qf8 20.Qg2 h6 21.Bh4 b5 22.
axb5 axb5 23.f4 Qg7 24.g5 hxg5 25.Bxg5 c4 26.Re2 b4 27.Nxc4 bxc3 28.bxc3 
Bc5 29.e5 Nh7 30.Bh4 dxe5 31.fxe5 Nxe5 32.Rfe1 Nxc4 33.Rxe8+ Rxe8 34.Rxe8+
Nf8 35.Qf3 Qh6 36.Bg3 Nd6 37.Re2 Nf5 38.Bf4 Qh4 39.Re4 Qf6 40.Qh3 Qa6 41.
Bd2 Nd6 42.Re1 Qc4 43.Qf3 f5 44.Re2 Ne4 45.Rg2 Qxd5 46.h4 Bf2 47.Bh6 Nd7 
48.Bf4 Ndf6 49.Rxg6+ Kf7 50.Rg2 Ng4 51.Bc1 Bxh4 52.Rd2 Nef2+ 53.Rxf2 Nxf2+
54.Kg2 Qxf3+ 55.Kxf3 Nd3 56.Be3 Ke6 0-1

[Event "9th Banco di Roma"]
[Site "Rome ITA"]
[Date "1985.02.??"]
[Round "7"]
[White "Cebalo, Miso"]
[Black "Arlandi, Ennio"]
[Result "1-0"]
[WhiteElo "2485"]
[BlackElo "2310"]
[EventDate "1985.02.16"]
[PlyCount "81"]

1.d4 d5 2.c4 e6 3.Nc3 Nf6 4.Bg5 Be7 5.e3 O-O 6.Nf3 Nbd7 7.Qc2 h6 8.Bh4 c5 
9.O-O-O Qa5 10.Kb1 dxc4 11.Bxc4 Nb6 12.Be2 Bd7 13.Ne5 cxd4 14.Nxd7 Nbxd7 
15.Rxd4 Ne5 16.Rhd1 a6 17.Qb3 b5 18.Ne4 g5 19.Bg3 Nc6 20.Nxf6+ Bxf6 21.Rd6
Ne7 22.Rd7 Nd5 23.Bh5 Rad8 24.Rb7 Bg7 25.a3 Kh8 26.Rxf7 Rxf7 27.Bxf7 b4 
28.Bxe6 bxa3 29.Rxd5 Rxd5 30.Bxd5 a2+ 31.Ka1 Qe1+ 32.Kxa2 Qa5+ 33.Kb1 Qe1+
34.Kc2 Qe2+ 35.Kc1 Qe1+ 36.Qd1 Bxb2+ 37.Kc2 Qc3+ 38.Kb1 Qa3 39.Ba2 Bf6 40.
Qb3 Qf8 41.Qb8 1-0

[Event "9th Banco di Roma"]
[Site "Rome ITA"]
[Date "1985.02.??"]
[Round "7"]
[White "Tatai, Stefano"]
[Black "Sax, Gyula"]
[Result "0-1"]
[WhiteElo "2475"]
[BlackElo "2565"]
[EventDate "1985.02.16"]
[PlyCount "74"]

1.d4 Nf6 2.c4 e6 3.Nc3 Bb4 4.e3 O-O 5.Bd3 d5 6.Ne2 dxc4 7.Bxc4 e5 8.a3 Bd6
9.dxe5 Bxe5 10.Qxd8 Rxd8 11.e4 h6 12.f3 Nc6 13.Be3 Na5 14.Ba2 Be6 15.Bxe6 
fxe6 16.Rd1 Nc4 17.Bc1 c5 18.Rxd8+ Rxd8 19.Kf2 Bxc3 20.Nxc3 Nxb2 21.Ke2 
Nc4 22.a4 Kf7 23.Nb5 a6 24.Na3 Na5 25.Be3 Nd7 26.Rb1 b6 27.Bd2 Nc6 28.Bc3 
e5 29.Nc4 Rb8 30.g3 Ke6 31.f4 b5 32.axb5 axb5 33.Na5 Nxa5 34.Bxa5 b4 35.
Kd3 Kd6 36.Kc4 Kc6 37.Rd1 Ra8 0-1

[Event "9th Banco di Roma"]
[Site "Rome ITA"]
[Date "1985.02.??"]
[Round "7"]
[White "Vera Gonzalez, Reynaldo"]
[Black "Inkiov, Ventzislav"]
[Result "1/2-1/2"]
[WhiteElo "2480"]
[BlackElo "2480"]
[EventDate "1985.02.16"]
[PlyCount "78"]

1.d4 Nf6 2.c4 e6 3.Nc3 d5 4.Nf3 c6 5.Bg5 Nbd7 6.e3 Qa5 7.Nd2 Bb4 8.Qc2 Ne4
9.Ndxe4 dxe4 10.Bf4 e5 11.Bg3 O-O 12.Be2 exd4 13.exd4 f5 14.Bf4 Be7 15.h4 
c5 16.d5 Bf6 17.Bd2 Qd8 18.g4 fxg4 19.Nxe4 Ne5 20.Ng5 Bxg5 21.hxg5 Bf5 22.
Qc3 Qd6 23.O-O-O Be4 24.Qg3 Rf3 25.Bxf3 Nd3+ 26.Kc2 Nxf2+ 27.Bxe4 Qxg3 28.
Bxh7+ Kf7 29.Be1 Re8 30.Rd2 Qf3 31.Rxf2 Re2+ 32.Rxe2 Qxe2+ 33.Bd2 g6 34.
Rh6 Qxc4+ 35.Bc3 Qe2+ 36.Kc1 Qf1+ 37.Kd2 Qf2+ 38.Kd3 Qf1+ 39.Kd2 Qf2+ 
1/2-1/2

[Event "9th Banco di Roma"]
[Site "Rome ITA"]
[Date "1985.02.??"]
[Round "8"]
[White "Andersson, Ulf"]
[Black "Bellon Lopez, Juan Manuel"]
[Result "1/2-1/2"]
[WhiteElo "2575"]
[BlackElo "2445"]
[EventDate "1985.02.16"]
[PlyCount "101"]

1.Nf3 Nf6 2.c4 e6 3.g3 a6 4.Bg2 b5 5.b3 Bb7 6.O-O Be7 7.Nc3 b4 8.Na4 O-O 
9.d4 d6 10.a3 a5 11.axb4 axb4 12.Bd2 c5 13.dxc5 dxc5 14.Bf4 Nbd7 15.Ne5 
Bxg2 16.Kxg2 Ra6 17.Nxd7 Nxd7 18.Qd3 e5 19.Be3 Rd6 20.Qf5 g6 21.Qc2 Qc8 
22.Rfd1 Qc6+ 23.f3 Rc8 24.Rxd6 Bxd6 25.Rd1 Nf6 26.Bg5 Ne8 27.Qd3 Bf8 28.
Qd5 Ng7 29.e3 Nf5 30.g4 Be7 31.gxf5 Bxg5 32.Qxc6 Rxc6 33.fxg6 Bxe3 34.Rd8+
Kg7 35.gxf7 Kxf7 36.Rd7+ Kg6 37.Nb2 Bd4 38.Nd3 Ra6 39.Rd5 Kf5 40.Nxc5 Ra2+
41.Kg3 Bf2+ 42.Kh3 Bxc5 43.Rxc5 Rb2 44.Kg3 Rxb3 45.Rb5 Rb1 46.Rb6 b3 47.c5
b2 48.Kg2 h6 49.h3 h5 50.h4 e4 51.fxe4+ 1/2-1/2

[Event "9th Banco di Roma"]
[Site "Rome ITA"]
[Date "1985.02.??"]
[Round "8"]
[White "Arlandi, Ennio"]
[Black "Tatai, Stefano"]
[Result "1/2-1/2"]
[WhiteElo "2310"]
[BlackElo "2475"]
[EventDate "1985.02.16"]
[PlyCount "87"]

1.d4 Nf6 2.c4 e6 3.Nc3 Bb4 4.Qc2 d6 5.Nf3 Nbd7 6.e3 b6 7.Be2 Bb7 8.O-O 
Bxc3 9.Qxc3 Ne4 10.Qe1 f5 11.Kh1 O-O 12.Nd2 Qh4 13.f3 Qxe1 14.Rxe1 Nxd2 
15.Bxd2 a5 16.b3 e5 17.Bc3 Rfe8 18.Kg1 Re7 19.Kf2 Rae8 20.Rac1 exd4 21.
exd4 Ba6 22.Bf1 Rxe1 23.Bxe1 Kf7 24.Bd2 Nf6 25.h3 Re7 26.g4 fxg4 27.hxg4 
h6 28.a3 Re8 29.b4 axb4 30.axb4 Ra8 31.b5 Bb7 32.c5 Bd5 33.cxb6 cxb6 34.
Rc7+ Kg8 35.Be2 Rf8 36.Kg3 Rf7 37.Rc2 g5 38.Bb4 Rd7 39.Rc8+ Kf7 40.Rb8 Be6
41.Bd3 Nd5 42.Bd2 Ra7 43.Kf2 Ra4 44.Rh8 1/2-1/2

[Event "9th Banco di Roma"]
[Site "Rome ITA"]
[Date "1985.02.??"]
[Round "8"]
[White "Gross, Stefan"]
[Black "Inkiov, Ventzislav"]
[Result "1/2-1/2"]
[WhiteElo "2435"]
[BlackElo "2480"]
[EventDate "1985.02.16"]
[PlyCount "39"]

1.Nf3 Nf6 2.c4 e6 3.g3 d5 4.Bg2 dxc4 5.Qa4+ Nbd7 6.Qxc4 c5 7.b3 a6 8.Qc2 
Ra7 9.O-O b6 10.Bb2 Bb7 11.d3 Be7 12.Nbd2 O-O 13.Rac1 Nd5 14.Qb1 Bf6 15.a3
Ba8 16.Rc2 Qe7 17.Rfc1 Bxb2 18.Qxb2 e5 19.Nc4 f6 20.Rb1 1/2-1/2

[Event "9th Banco di Roma"]
[Site "Rome ITA"]
[Date "1985.02.??"]
[Round "8"]
[White "Sax, Gyula"]
[Black "Vera Gonzalez, Reynaldo"]
[Result "1/2-1/2"]
[WhiteElo "2565"]
[BlackElo "2480"]
[EventDate "1985.02.16"]
[PlyCount "53"]

1.e4 c5 2.Nf3 d6 3.d4 cxd4 4.Nxd4 Nf6 5.Nc3 a6 6.f4 Nbd7 7.Nf3 Qc7 8.Bd3 
g6 9.O-O Bg7 10.Qe2 O-O 11.Kh1 e5 12.a4 Nc5 13.Bc4 Be6 14.Bxe6 Nxe6 15.f5 
Nf4 16.Bxf4 exf4 17.Qd2 Qb6 18.a5 Qe3 19.Rae1 Qxd2 20.Nxd2 Rfe8 21.fxg6 
hxg6 22.Rxf4 Bh6 23.Rxf6 Bxd2 24.Ref1 Bxc3 25.bxc3 Re7 26.Rxd6 Rc8 27.h3 
1/2-1/2

[Event "9th Banco di Roma"]
[Site "Rome ITA"]
[Date "1985.02.??"]
[Round "8"]
[White "Yap, Andronico"]
[WhiteElo "2400"]
[Black "Cebalo, Miso"]
[Result "1-0"]
[BlackElo "2485"]
[EventDate "1985.02.16"]
[PlyCount "85"]

1.e4 c5 2.Nf3 d6 3.g3 Nc6 4.Bg2 Nf6 5.d3 g6 6.O-O Bg7 7.c3 O-O 8.Re1 Bg4 
9.h3 Bxf3 10.Qxf3 Rc8 11.Na3 a6 12.Be3 b5 13.Qe2 Nd7 14.Qd2 b4 15.Nc4 bxc3
16.bxc3 Na5 17.Nb2 Rb8 18.d4 Qb6 19.Rab1 cxd4 20.cxd4 Rfc8 21.Bf1 Nc6 22.
Nc4 Qxb1 23.Rxb1 Rxb1 24.Na3 Ra1 25.Kg2 Nxd4 26.Bxd4 Bxd4 27.Qxd4 Rcc1 28.
Nc2 Rxa2 29.Nb4 Raa1 30.Nd5 Rd1 31.Qa7 Ne5 32.Ne3 Re1 33.g4 Kf8 34.g5 a5 
35.Qc7 Rxe3 36.fxe3 a4 37.Qd8+ Kg7 38.Qxe7 Ra2+ 39.Kg3 Rd2 40.Qa7 Rd1 41.
Kf2 Rd2+ 42.Be2 Ra2 43.Qd4 1-0

[Event "9th Banco di Roma"]
[Site "Rome ITA"]
[Date "1985.02.??"]
[Round "9"]
[White "Cebalo, Miso"]
[Black "Andersson, Ulf"]
[Result "1/2-1/2"]
[WhiteElo "2485"]
[BlackElo "2575"]
[EventDate "1985.02.16"]
[PlyCount "55"]

1.d4 Nf6 2.c4 e6 3.Nc3 d5 4.Bg5 Be7 5.cxd5 Nxd5 6.Bxe7 Qxe7 7.Nf3 O-O 8.
Rc1 Rd8 9.e3 Nf6 10.Qb3 b6 11.Be2 Bb7 12.O-O Nbd7 13.Rfd1 h6 14.a4 c5 15.
a5 Nd5 16.axb6 axb6 17.h3 Rdc8 18.dxc5 Rxc5 19.Ne4 Nf4 20.exf4 Bxe4 21.
Rxc5 bxc5 22.Qe3 Nf6 23.Ne5 Bd5 24.Rc1 Qb7 25.Bf3 Qxb2 26.Rxc5 Bxf3 27.
Nxf3 Qb4 28.Qc1 1/2-1/2

[Event "9th Banco di Roma"]
[Site "Rome ITA"]
[Date "1985.02.??"]
[Round "9"]
[White "Inkiov, Ventzislav"]
[Black "Sax, Gyula"]
[Result "1/2-1/2"]
[WhiteElo "2480"]
[BlackElo "2565"]
[EventDate "1985.02.16"]
[PlyCount "32"]

1.d4 Nf6 2.c4 e6 3.Nf3 b6 4.g3 Bb7 5.Bg2 Be7 6.O-O O-O 7.Nc3 Ne4 8.Nxe4 
Bxe4 9.Ne1 Bxg2 10.Kxg2 d5 11.cxd5 exd5 12.Qa4 Qd7 13.Qxd7 Nxd7 14.Be3 
Rac8 15.Rc1 c5 16.dxc5 bxc5 1/2-1/2

[Event "9th Banco di Roma"]
[Site "Rome ITA"]
[Date "1985.02.??"]
[Round "9"]
[White "Tatai, Stefano"]
[Black "Yap, Andronico"]
[BlackElo "2400"]
[Result "0-1"]
[WhiteElo "2475"]
[EventDate "1985.02.16"]
[PlyCount "68"]

1.d4 Nf6 2.c4 c5 3.d5 e6 4.Nc3 exd5 5.cxd5 d6 6.e4 g6 7.f4 Bg7 8.Nf3 O-O 
9.Be2 Bg4 10.O-O Bxf3 11.Bxf3 Nbd7 12.a4 a6 13.Rb1 Ne8 14.Ne2 b5 15.b4 
cxb4 16.Rxb4 Qb6+ 17.Kh1 Nc7 18.axb5 Nxb5 19.Qb3 Nc5 20.Qc4 Rfc8 21.Be3 
Qa5 22.Rfb1 Qa3 23.Bxc5 Rxc5 24.Qb3 Rac8 25.h3 Qxb3 26.R1xb3 Ra8 27.Kg1 h5
28.Kf2 Rc2 29.Ke3 Ra2 30.Rc4 Rb8 31.Rc6 a5 32.Rxd6 a4 33.Rb1 Ra3+ 34.Kd2 
Rb3 0-1